00549nam a22002057a 450000500170000001000130001702000220003003500130005203700160006504000120008108200150009310000160010824500340012426000390015827000360019730000240023350000220025765000340027965000300031320170124110011.0 aA-456685 c00.00a8185176566 aA-456685 bCen Lib/Ret aDPLbEN a331.8bRAW aRawat, B.D. aIndia in ILO /cby B.D Rawat  aJaipur bR B S A Publishers c1990 bJaipur aS M S highway e302003 axii,340p.c21cm(Hb) aIncludes annexure aILO--frameworrk and structure aILO--principle and policy